| 000 | 00816pam a2200265 a 4500 | ||
|---|---|---|---|
| 001 | 38017 | ||
| 003 | (BD-RjUL) | ||
| 005 | 20211209052715.0 | ||
| 008 | 960520s1997 njua b 001 0 eng | ||
| 020 | _a8120312406 | ||
| 020 | _a9788120312401 | ||
| 035 | _a(BD-RjUL) | ||
| 040 |
_aDLC _c(BD-RjUL) _dDLC |
||
| 082 | 0 | 0 |
_a004.6 _220 _bSTD 2001 |
| 100 | 1 |
_aStallings, William. _9117755 |
|
| 245 | 1 | 0 |
_aData and computer communications / _cWilliam Stallings. |
| 250 | _a5th ed. | ||
| 260 |
_aNew Delhi, India. : _bPrentice Hall, _cc1997 [2001 reprint]. |
||
| 300 |
_axviii, 798 p. : _bill. (some col.) ; _c24 cm. |
||
| 504 | _aIncludes bibliographical references and index. | ||
| 650 | 0 |
_aData transmission systems. _9117693 |
|
| 650 | 0 |
_aComputer networks. _9117347 |
|
| 942 |
_2ddc _cBK |
||
| 999 |
_c38017 _d38017 |
||